| 000 | 00362nam a2200121Ia 4500 | ||
|---|---|---|---|
| 999 |
_c22851 _d22851 |
||
| 082 | _aRR 920.054 WHO; | ||
| 245 | 0 | _aWho's who of eminent Indians : Biographical profiles of leading Indians from all walks of life | |
| 260 |
_aNew Delhi _bIndraprastha Prakashan _c1998 |
||
| 300 | _av.p. | ||
| 650 | _aBIOGRAPHY - INDIA | ||
| 700 | _aGandhi, D.V. ed. | ||
| 942 | _cBK | ||